<?xml version="1.0" encoding="UTF-8"?>
<record
    xmlns:xsi="http://www.w3.org/2001/XMLSchema-instance"
    xsi:schemaLocation="http://www.loc.gov/MARC21/slim http://www.loc.gov/standards/marcxml/schema/MARC21slim.xsd"
    xmlns="http://www.loc.gov/MARC21/slim">

  <leader>01210nam a22002295i 4500</leader>
  <controlfield tag="001">161043</controlfield>
  <controlfield tag="003">ES-MaACL</controlfield>
  <controlfield tag="005">20250829180508.0</controlfield>
  <controlfield tag="008">041013s1882    sp a         |||| | spa d</controlfield>
  <datafield tag="080" ind1=" " ind2=" ">
    <subfield code="a">327</subfield>
  </datafield>
  <datafield tag="100" ind1="1" ind2=" ">
    <subfield code="a">Ord&#xF3;&#xF1;ez y Ortega, Melchor.</subfield>
    <subfield code="9">130675</subfield>
  </datafield>
  <datafield tag="245" ind1="1" ind2="4">
    <subfield code="a">Una misi&#xF3;n diplom&#xE1;tica en la Indo-China </subfield>
    <subfield code="b">: descripci&#xF3;n del viaje de la legaci&#xF3;n especial de Espa&#xF1;a al Imperio de Annam y Reino de Siam dando en dos a&#xF1;os la vuelta al mundo / </subfield>
    <subfield code="c">por Melchor Ord&#xF3;&#xF1;ez y Ortega; con un prologo de Pedro Novo y Colson; publicaci&#xF3;n ilustrada por varios artistas espa&#xF1;oles, con gran n&#xFA;mero de retratos, vistas y planos.</subfield>
  </datafield>
  <datafield tag="260" ind1=" " ind2=" ">
    <subfield code="a">Madrid : </subfield>
    <subfield code="b">[s.n.], </subfield>
    <subfield code="c">1882 (</subfield>
    <subfield code="f">Est. tip. de Enrique Rubi&#xF1;os)</subfield>
  </datafield>
  <datafield tag="300" ind1=" " ind2=" ">
    <subfield code="a">XXIII, 601 p., [2] h. de map., [25] h. de l&#xE1;m. : </subfield>
    <subfield code="b">il. ; </subfield>
    <subfield code="c">34 cm.</subfield>
  </datafield>
  <datafield tag="530" ind1=" " ind2=" ">
    <subfield code="a">Disponible en formato digital.</subfield>
  </datafield>
  <datafield tag="651" ind1=" " ind2="4">
    <subfield code="a">Espa&#xF1;a-</subfield>
    <subfield code="x">Relaciones-</subfield>
    <subfield code="z">Vietnam.</subfield>
    <subfield code="9">151221</subfield>
  </datafield>
  <datafield tag="651" ind1=" " ind2="4">
    <subfield code="a">Espa&#xF1;a-</subfield>
    <subfield code="x">Relaciones-</subfield>
    <subfield code="z">Tailandia.</subfield>
    <subfield code="9">152603</subfield>
  </datafield>
  <datafield tag="700" ind1="1" ind2=" ">
    <subfield code="a">Novo y Colson, Pedro de, </subfield>
    <subfield code="d">1846-1931</subfield>
    <subfield code="9">86091</subfield>
  </datafield>
  <datafield tag="852" ind1="4" ind2=" ">
    <subfield code="a">ES-MaACL</subfield>
    <subfield code="j">G-3296   </subfield>
    <subfield code="z">- Enc. hol.   </subfield>
    <subfield code="z">- Legado de San Jurjo</subfield>
  </datafield>
  <datafield tag="856" ind1="4" ind2=" ">
    <subfield code="u">http://bdh-rd.bne.es/viewer.vm?id=0000084885&amp;page=1 </subfield>
    <subfield code="z">Biblioteca Digital Hisp&#xE1;nica</subfield>
  </datafield>
  <datafield tag="999" ind1=" " ind2=" ">
    <subfield code="c">161043</subfield>
    <subfield code="d">161043</subfield>
  </datafield>
  <datafield tag="952" ind1=" " ind2=" ">
    <subfield code="0">0</subfield>
    <subfield code="1">0</subfield>
    <subfield code="4">0</subfield>
    <subfield code="7">0</subfield>
    <subfield code="8">Colecci&#xF3;n_digital</subfield>
    <subfield code="a">ATENEOM</subfield>
    <subfield code="b">ATENEOM</subfield>
    <subfield code="c">DEPO2</subfield>
    <subfield code="d">2008-01-17</subfield>
    <subfield code="e">SSC</subfield>
    <subfield code="l">0</subfield>
    <subfield code="o">G-3296</subfield>
    <subfield code="p">1168678</subfield>
    <subfield code="r">2023-02-23 00:00:00</subfield>
    <subfield code="w">2023-02-23</subfield>
    <subfield code="y">MONANT</subfield>
  </datafield>
</record>
